[Event "3rd Yerevan Open-A 2021"]
[Site "Yerevan"]
[Date "2021.10.21"]
[Round "8.7"]
[White "Sychev, Klementy"]
[Black "Nazari, Arad"]
[Result "1/2-1/2"]
[WhiteElo "2555"]
[BlackElo "2298"]
[Annotator "TA"]
[PlyCount "233"]
[EventDate "2021.10.14"]
[EventType "swiss"]
[EventCountry "ARM"]
[SourceTitle "playchess.com"]
[Source "ChessBase"]
[SourceQuality "1"]

{[%evp 24,233,27,23,34,18,45,21,34,8,26,10,42,12,41,39,42,17,10,5,32,0,0,0,7,0,0,0,35,39,47,49,51,0,14,0,0,0,0,-66,-62,-63,-32,-34,-41,-41,-37,-90,-78,-91,-2,-89,-84,-104,-102,-113,-98,-95,-93,-81,-88,-109,-111,-191,-191,-191,-191,-191,-191,-191,-191,-191,-191,-191,-191,-191,0,0,0,-191,-191,-191,-16,-191,-6,-35,-38,-272,-12,-12,-12,-12,-12,-27,-12,-16,-20,-20,-20,-33,-35,-191,-191,-191,-191,-191,-191,-191,-191,-191,-191,-191,-16,-23,-25,-191,-79,-191,-6,-24,-24,-164,-167,-191,0,0,0,0,0,-8,0,-28000,-28000,-28000,-28000,-28000,-28000,-28000,-28000,-28000,-28000,-28000,-28000,-28000,-28000,-28000,-28000,-28000,-28000,-28000,-28000,-28000,-28000,-28000,-28000,-28000,-28000,-28000,-28000,-28000,-28000,-28000,-28000,-28000,-28000,-28000,-28000,-28000,-28000,-28000,-28000,-28000,-28000,-28000,-28000,-28000,-28000,-28000,-28000,-28000,-28000,-28000,-28000,-28000,-28000,-28000,-28000,-28000,-28000,-28000,-28000,-28000,-28000,-28000,-28000,-28000,-28000,-28000,-28000,-28000,-28000,-28000,-28000,-28000,-28000,-28000,-28000,-28000,-28000,-28000,-28000,-28000]} 1. d4 Nf6 2. c4 g6 3. Nc3 d5 4. cxd5 Nxd5 5. e4 Nxc3 6. bxc3 Bg7 7. Bc4 c5 8. Ne2 O-O 9. O-O Nc6 10. Be3 Bg4 11. f3 Bd7 $1 {[%mdl 4] is now more promising than 11...Na5.} 12. Rb1 cxd4 13. cxd4 a6 {D88: Exchange Grünfeld: Classical Line: 10 Be3 cxd4 11 cxd4.} 14. a4 Rc8 15. Bd3 Na5 {[#] The position is equal.} 16. Bg5 $146 ({Predecessor:} 16. Rb4 b5 17. axb5 axb5 18. Bxb5 Bxb5 19. Rxb5 Nc4 20. Bf2 Bh6 21. Qd3 Qd6 22. Rd1 Qa3 23. Qxa3 Nxa3 {½-½ (45) Pulvett Marin,D (2487)-Cumming,R (2361) Guimaraes 2021}) 16... h6 17. Bf4 Be8 18. Kh1 g5 19. Be3 Nc4 20. Bg1 Qa5 21. Rxb7 Bxa4 22. Qe1 (22. Qa1 {is interesting.} e6 23. Nc3 Bc6 24. Rb3 Qxa1 25. Rxa1 Bd7 26. Ra2) 22... Bb5 23. Bxc4 (23. Rxe7 Qa3 $19) 23... Qxe1 {[#]} 24. Bxf7+ $1 Rxf7 (24... Kxf7 25. Rxe1) 25. Rxe1 Bxe2 (25... e5 $5 {[%cal Rf7b7]} 26. Rxf7 Kxf7 $11) 26. Rxe2 Rc1 27. e5 g4 28. Rb3 ({Worse is} 28. fxg4 Rff1 $17) (28. Re4 $14 h5 29. Rb8+ (29. fxg4 Rff1 $15) 29... Kh7 30. f4 (30. fxg4 $2 Rff1 $19)) 28... Rd1 29. Reb2 ({Avoid the trap} 29. fxg4 $2 Rff1 $19) 29... Rf4 30. Rb1 (30. g3 {seems wilder.} Rxf3 31. Rb8+ Kf7 32. Kg2 a5 33. Ra2) 30... Rfxd4 31. fxg4 (31. Rxd1 $11 Rxd1 32. f4) 31... Bxe5 $15 32. g3 $1 Rxb1 33. Rxb1 Rxg4 {[%mdl 4096] Endgame KRB-KRB} 34. Rb6 a5 {[%cal Ba6a5,Ba5a4][%mdl 32]} 35. Ra6 (35. Rxh6 $15 Bf6 36. Rh5) 35... a4 $17 36. Bc5 Bf6 (36... Kf7 $17 {next ...Rc4 is good for Black.} 37. Kg2 Rc4) 37. Kg2 (37. Be3 $1 $11 {keeps the balance.}) 37... Rc4 38. Ba3 h5 39. Kf2 Rc2+ 40. Kf1 Ra2 (40... Rxh2 $2 41. Rxa4 Ra2 42. Ra5 $17) 41. Bc5 Kf7 42. h3 Rc2 43. Bxe7 Bxe7 44. Rxa4 {KRB-KR} Rc3 45. Rf4+ Kg6 46. Kg2 Bd6 47. Rf3 Rc2+ 48. Rf2 Rc4 49. Re2 Bc5 $2 (49... Kf6 $19 50. Rf2+ Kg5) 50. Re6+ $11 Kf5 51. Re2 (51. Re8 $11 {and White is okay.}) 51... Kf6 $19 52. Rd2 Kg6 $2 (52... Bd4 $1 $19 {And now ...Be5 would win.} 53. Kf3 Kg5) 53. Kf3 $2 (53. Re2 $1 $11 Kf6 54. Ra2) 53... Rc1 $2 (53... Bd4 $1 $19 54. Rd3 Rb4) 54. Rd5 Rc3+ 55. Kf4 $2 (55. Kg2 $1 $15) 55... Be3+ $2 (55... Bf2 $19 56. g4 Bg3+ 57. Ke4 h4) 56. Ke4 $11 Bg5 57. Rd6+ $1 Bf6 58. Kf4 Rc2 (58... Rc4+ {looks sharper.} 59. Kf3 Ra4 60. Rb6 Ra2 61. Kf4 Ra3) 59. Ra6 Rf2+ 60. Ke3 Rh2 61. Kf3 $1 Rb2 62. Rc6 $2 ({White should try} 62. Re6 $15) 62... Rb5 $19 63. Rd6 Kg5 64. Rd3 Be5 65. Ke4 Bc7 66. Kf3 Rf5+ 67. Kg2 Bb6 $2 (67... Rc5 $19 68. Kf3 Rb5) 68. Rd2 $11 Rb5 {White must now prevent ...Bc7.} 69. Rd3 $2 {[#]} (69. Rd7 $11) 69... Rb2+ (69... Kf5 $1 $19 70. Rf3+ Ke6) 70. Kf3 {[#]} (70. Kf1 $17) 70... Rf2+ $2 ({Better is} 70... Bc7 $1 $19 {Strongly threatening ...Rb4.} 71. Ke4 Rb4+ 72. Kf3 Rb5) 71. Ke4 Bc7 {Threatens to win with ...Re2+.} 72. Rc3 (72. Rd5+ $11 {and White stays safe.} Kg6 73. Rd3) 72... Bd6 $19 73. Rd3 Rf6 $2 (73... Be7 $19 {...Rh2 is the strong threat.} 74. Rb3 Bf6) 74. Rf3 $11 Re6+ 75. Kd5 Rg6 {Hoping for ...Kh6.} 76. g4 $1 hxg4 $2 {[%mdl 8192]} (76... h4 $11 77. Rf5+ Kh6 78. Rh5+ Kg7 79. Rxh4 Bf4) 77. hxg4 {White is now going downhill.} Kxg4 {Mate.} 78. Re3 Kf5 79. Rf3+ Bf4 80. Rd3 Rg8 81. Kd4 Ra8 82. Kd5 Ra4 83. Rf3 Ra5+ 84. Kd4 Ra8 85. Rd3 Be5+ 86. Ke3 Rh8 87. Kf3 Rh4 88. Ke3 Re4+ 89. Kd2 Bd4 90. Rh3 Be5 91. Kd3 Rd4+ 92. Ke3 Ra4 93. Rh5+ Ke6 94. Rh7 Kd5 95. Rd7+ Bd6 96. Rd8 Ra3+ 97. Kd2 Kc5 98. Rd7 Rh3 99. Rd8 Be5 100. Rd3 Rh4 101. Ke2 Bd4 102. Rg3 Kd5 103. Rg8 Ke4 104. Re8+ Be5 105. Re7 Rh2+ 106. Ke1 Ra2 107. Re8 Kd4 108. Kf1 Rb2 109. Re7 Bf4 110. Re2 Rb1+ 111. Kf2 Rh1 112. Re8 Be5 113. Rd8+ Ke4 114. Re8 Rh2+ 115. Ke1 Kd4 116. Kf1 Ke4 117. Ke1 {[%mdl 32768] Weighted Error Value: White=0.37/Black=0.35. An unexpected result.} 1/2-1/2

[Event "3rd Yerevan Open-A 2021"]
[Site "Yerevan"]
[Date "2021.10.21"]
[Round "8.8"]
[White "Bharath Subramaniyam H"]
[Black "Pultinevicius, Paulius"]
[Result "1/2-1/2"]
[WhiteElo "2435"]
[BlackElo "2552"]
[Annotator "TA"]
[PlyCount "63"]
[EventDate "2021.10.14"]
[EventType "swiss"]
[EventCountry "ARM"]
[SourceTitle "playchess.com"]
[Source "ChessBase"]
[SourceQuality "1"]

{[%evp 9,63,10,22,0,15,8,25,18,20,19,33,30,18,26,43,28,35,7,10,20,14,-14,13,16,21,19,29,7,52,45,34,17,58,10,26,16,26,25,23,27,33,23,32,39,62,57,67,58,59,0,89,0,41,0,88,0]} 1. e4 c6 2. d4 d5 3. exd5 cxd5 4. Nf3 Nc6 5. Bb5 Bg4 6. h3 {B13: Caro-Kann: Exchange Variation and Panov-Botvinnik Attack.} Bxf3 7. Qxf3 Rc8 {[#]} 8. c4 $146 {White has an edge.} ({Predecessor:} 8. Nc3 e6 9. Qe2 a6 10. Bxc6+ Rxc6 11. Bf4 Bb4 12. Bd2 b5 13. a3 Bxc3 14. Bxc3 {1-0 (36) Gabrielova,M (1223)-Bazantova,V (1191) Mlada Boleslav 2014}) 8... e6 9. cxd5 {[%mdl 64] [#] Pin} Bb4+ 10. Nc3 Qxd5 11. Qxd5 exd5 12. O-O Nge7 13. Ne2 O-O 14. Bd3 Ba5 15. Bg5 Rfe8 16. Rac1 Bb6 17. Rfd1 Ng6 18. Nc3 h6 19. Be3 Nge7 20. Bb1 a6 21. b3 Ba7 22. g3 Kf8 23. Kg2 Nd8 24. Na4 Rxc1 25. Rxc1 Ne6 26. Nc5 Nxc5 27. dxc5 Nc6 28. Bd3 Nb4 29. Bb1 Nc6 30. Bd3 Nb4 31. Bb1 Nc6 32. Bd3 {Weighted Error Value: White=0.16/Black=0.08} (32. Bf5 $16) 1/2-1/2

[Event "3rd Yerevan Open-A 2021"]
[Site "Yerevan"]
[Date "2021.10.21"]
[Round "8.9"]
[White "Erigaisi Arjun"]
[Black "Pranav Anand"]
[Result "1-0"]
[WhiteElo "2634"]
[BlackElo "2430"]
[Annotator "TA"]
[PlyCount "90"]
[EventDate "2021.10.14"]
[EventType "swiss"]
[EventCountry "ARM"]
[SourceTitle "playchess.com"]
[Source "ChessBase"]
[SourceQuality "1"]

{[%evp 13,90,22,30,36,29,18,18,26,37,15,39,11,50,6,2,0,41,35,46,43,50,58,56,47,58,57,59,34,56,60,52,59,67,66,84,83,157,135,182,186,187,183,274,136,190,185,185,152,154,156,234,151,216,152,617,627,614,562,560,214,213,221,1168,334,1006,997,890,776,752,760,730,708,756,728,845,643,1320,1314,29973]} 1. c4 g6 2. d4 Nf6 3. Nc3 Bg7 4. e4 d6 5. h3 O-O 6. Be3 e5 7. d5 Na6 8. g4 {E71: King's Indian: 4 e4 d6 5 h3.} Nc5 9. Bg2 a5 10. Nge2 {The position is equal.} c6 11. Ng3 Bd7 12. Qd2 {[#]} a4 $146 ({Predecessor:} 12... cxd5 13. exd5 Ne8 14. g5 f5 15. gxf6 Nxf6 16. f3 Nh5 17. Nge4 Nxe4 18. Nxe4 Bf5 19. Bg5 Qb6 20. Be3 Qd8 21. Bg5 Qb6 22. Be3 {½-½ (22) Danada,T (2308)-Madar,M (2047) Piestany 2021}) 13. O-O cxd5 {...d4 is the strong threat.} 14. exd5 Qb6 15. g5 Ne8 16. Nce4 f5 17. gxf6 $1 Nxf6 18. Nxc5 dxc5 19. Rfe1 Qd6 20. Bg5 b6 21. Re2 Rae8 22. Rae1 Bf5 23. b3 axb3 24. axb3 (24. Nxf5 $6 gxf5 25. axb3 h6 $11) 24... h5 (24... Rf7 $142) 25. Bh6 $16 Nd7 26. Bxg7 Kxg7 27. Qg5 $1 Kh7 (27... Qe7 $142 28. Nxh5+ Kg8 29. Qxe7 Rxe7) 28. Ra1 (28. f4 $18 {and White stays clearly on top.}) 28... Qb8 (28... Qf6 $16 {was worth a try.} 29. Qxf6 Nxf6) 29. Ne4 Kg7 30. d6 Qd8 {[#]} 31. h4 $1 Rf7 (31... Bg4 $16 32. Rea2 Rf5 33. Qxd8 Rxd8) 32. Rd2 Nf6 (32... Bg4 $16 33. Ra7 Rf4) 33. Ng3 Qd7 {[#] Loses the game.} (33... Bg4 $16) 34. Bc6 $1 $18 {[%mdl 576] Skewer, Deflection, Promotion} Qxc6 35. Nxf5+ Kh8 36. Ne7 (36. Nh6 Rff8 37. Ra7 (37. Qxg6 Qd7 $16)) 36... Qf3 {intending ...Ne4.} 37. Ra7 ({Stronger than} 37. Nxg6+ Kh7 $11) 37... Nh7 $2 {[#]} (37... Qg4+ 38. Qxg4 hxg4 39. Nxg6+ Kg7) 38. Qxe5+ $2 (38. d7 $1 Rexe7 39. d8=Q+ {[%mdl 64] Double Attack} Kg7 40. Ra8 (40. Rxe7 Nxg5 41. Rxf7+ Nxf7 $16) (40. Qgxe7 Qg4+ 41. Kh1 Qh3+ 42. Kg1 Qg4+ 43. Kh2 Qf4+ 44. Kg2 Qe4+ 45. Kf1 Qh1+ 46. Ke2 Qf3+ 47. Kf1 Qh1+ 48. Ke2 Qf3+ 49. Kf1 Qh1+ $11) 40... Qxa8 41. Qgxe7 Rxe7 42. Qxa8) 38... Qf6 $2 {[#]} (38... Nf6 39. Qg5 (39. Nxg6+ Kg7 $18) 39... Qg4+ 40. Qxg4 hxg4 41. Nxg6+ Kg7) 39. d7 $1 {[%mdl 512] White is clearly winning.} Rd8 40. Qxf6+ Nxf6 41. Nxg6+ Kh7 42. Ne5 Rg7+ 43. Kf1 Kg8 44. Rd6 Ne4 45. Re6 {Threatening mate with Re8+.} Nd2+ {Weighted Error Value: White=0.44/Black=0.40} 1-0

[Event "3rd Yerevan Open-A 2021"]
[Site "Yerevan"]
[Date "2021.10.21"]
[Round "8.10"]
[White "Pantsulaia, Levan"]
[Black "Simonian, Hrair"]
[Result "1-0"]
[WhiteElo "2570"]
[BlackElo "2430"]
[Annotator "TA"]
[PlyCount "79"]
[EventDate "2021.10.14"]
[EventType "swiss"]
[EventCountry "ARM"]
[SourceTitle "playchess.com"]
[Source "ChessBase"]
[SourceQuality "1"]

{[%evp 18,79,-10,-19,0,0,20,4,18,17,15,10,16,7,10,15,29,26,37,28,44,41,47,30,50,16,52,23,52,63,84,70,85,88,77,52,83,40,150,150,126,129,188,206,206,204,240,88,82,94,92,87,199,194,549,548,655,641,666,706,693,685,1709,1085]} 1. Nf3 Nf6 2. g3 b6 3. Bg2 Bb7 4. O-O e6 5. d3 d5 6. Nbd2 Be7 7. e4 c5 8. Qe2 Nc6 9. c3 Qc7 10. Re1 dxe4 {C00: French: Unusual White 2nd moves.} 11. dxe4 Rd8 12. Nc4 O-O {The position is equal.} 13. Bf4 Qc8 14. e5 Nd5 15. Bg5 Ba6 16. Qe4 Bxc4 17. Qxc4 {[#]} Bxg5 $146 ({Predecessor:} 17... Rd7 18. Qg4 Rfd8 19. Bxe7 Ncxe7 20. Ng5 Ng6 21. f4 c4 22. Ne4 b5 23. h4 h6 {0-1 (39) Lauterbach,I (2171)-Milligan,H (2054) England 1999}) 18. Nxg5 {aiming for Qe4!} h6 19. Nh3 Nce7 20. Be4 Ng6 21. Bc2 Nde7 22. Re2 Rd7 23. f4 Rfd8 24. Nf2 Qc7 25. a4 Nf5 26. Rae1 Nge7 27. Ne4 Qb7 ({Black should try} 27... Nd5 $1 $14) 28. g4 $16 Nh4 29. Rf2 Neg6 {[#]} (29... h5 $16 {was necessary.}) 30. Qf1 $1 $18 Qc6 {[#]} 31. Qh3 $1 c4 32. Re3 $2 (32. f5 $18 {is the precise move to win.} Rd3 33. Bxd3 Rxd3 34. Ng3) 32... Rd1+ $16 33. Bxd1 Rxd1+ 34. Rf1 Qxa4 (34... Qd7 $16 {was worth a try.}) 35. f5 $18 Nf4 (35... exf5 36. gxf5 Ne7) 36. Qxh4 {White is clearly winning.} Qc2 {[%csl Gf4][%cal Rc2g2]} 37. Qf2 Qc1 {Strongly threatening ...Rxf1+.} 38. Rf3 ({Not} 38. Qxf4 Rxf1+ 39. Qxf1 Qxe3+ 40. Nf2 exf5 $16) 38... Nd3 39. Qe2 Ne1 40. Re3 {Weighted Error Value: White=0.12/Black=0.37} 1-0

[Event "3rd Yerevan Open-A 2021"]
[Site "Yerevan"]
[Date "2021.10.21"]
[Round "8.11"]
[White "Harsha Bharathakoti"]
[Black "Daghli, Arash"]
[Result "1-0"]
[WhiteElo "2517"]
[BlackElo "2427"]
[Annotator "TA"]
[PlyCount "57"]
[EventDate "2021.10.14"]
[EventType "swiss"]
[EventCountry "ARM"]
[SourceTitle "playchess.com"]
[Source "ChessBase"]
[SourceQuality "1"]

{[%evp 9,57,21,50,39,39,42,56,17,16,18,58,0,9,0,63,34,35,15,20,32,27,22,12,0,16,0,65,56,199,188,195,195,290,289,296,291,282,280,371,379,399,398,399,398,373,386,435,441,435,430]} 1. d4 Nf6 2. c4 e6 3. Nf3 d5 4. Nc3 dxc4 5. e4 b5 6. e5 {D24: Queen's Gambit Accepted: 3 Nf3 Nf6 4 Nc3.} Nd5 7. Nxb5 Nb6 8. a4 {White is slightly better.} Qd7 9. Be2 {[#]} Ba6 $146 ({Predecessor:} 9... Nc6 10. O-O Na5 11. Ng5 h6 12. Ne4 Bb7 13. Nc5 Bxc5 14. dxc5 Nd5 15. Ra3 a6 {0-1 (45) Carlsen,M (2863)-Nakamura,H (2736) chess24.com INT 2020}) 10. Nc3 Nc6 11. O-O Be7 (11... Na5 $11) 12. b3 {[%cal Bb2b3,Bb3c4,Bc4c5,Bc5b6,Bb6c7][%mdl 32]} Rb8 13. Ba3 Bxa3 14. Rxa3 O-O 15. Ne4 Qe7 16. Qc1 {[%cal Rb3c4]} Bb7 $1 17. bxc4 Rfd8 ({Better is} 17... Nxd4 $11 18. Nxd4 Bxe4) 18. c5 $36 {[%mdl 2048] White has some pressure.} Nxd4 {This move loses the game for Black.} ({Black should try} 18... Nd5 $14) 19. Nxd4 $18 Rxd4 20. cxb6 Rxe4 (20... Bxe4 $142 21. Qxc7 (21. bxc7 Rc8 $16) 21... Qf8) 21. Qxc7 ({Not} 21. bxc7 Rc8 $14) 21... Qxc7 22. bxc7 Rc8 23. Bf3 Rb4 24. Rd3 {[#] Rd8+ would kill now.} Kf8 25. Bxb7 Rxc7 26. Ba6 Ke7 27. Ra3 g5 28. Bb5 Re4 29. Re3 {Weighted Error Value: White=0.07/Black=0.35} 1-0

[Event "3rd Yerevan Open-A 2021"]
[Site "Yerevan"]
[Date "2021.10.21"]
[Round "8.12"]
[White "Moksh Amit Doshi"]
[Black "Hayrapetyan, Hovik"]
[Result "0-1"]
[WhiteElo "2379"]
[BlackElo "2500"]
[Annotator "ChessBase"]
[PlyCount "124"]
[EventDate "2021.10.14"]
[EventType "swiss"]
[EventCountry "ARM"]
[SourceTitle "playchess.com"]
[Source "ChessBase"]
[SourceQuality "1"]
[TimeControl "40/5400+30:1800+30"]

1. d4 {[%emt 0:01:08]} Nf6 {[%emt 0:00:43]} 2. c4 {[%emt 0:01:04]} e6 {[%emt 0:00:07]} 3. Nf3 {[%emt 0:00:08]} d5 {[%emt 0:03:37]} 4. Nc3 {[%emt 0:00:09]} c6 {[%emt 0:01:18]} 5. Bg5 {[%emt 0:00:08]} Be7 {[%emt 0:00:56]} 6. e3 {[%emt 0:00:15]} O-O {[%emt 0:00:05]} 7. Qc2 {[%emt 0:02:48]} Nbd7 {[%emt 0:00:28]} 8. a3 {[%emt 0:00:32]} b6 {[%emt 0:08:17]} 9. cxd5 {[%emt 0:01:44]} cxd5 {[%emt 0:06:25]} 10. Bd3 {[%emt 0:00:09]} Bb7 {[%emt 0:00:10]} 11. O-O {[%emt 0:00:10]} Rc8 {[%emt 0:01:32]} 12. Qe2 {[%emt 0:06:43]} Ne4 {[%emt 0:07:07]} 13. Bxe7 {[%emt 0:02:45]} Qxe7 {[%emt 0:01:13]} 14. Na2 {[%emt 0:07:47]} Nd6 {[%emt 0:14:24]} 15. Rac1 {[%emt 0:08:41]} Nc4 {[%emt 0:02:27]} 16. a4 {[%emt 0:03:33]} Nd6 {[%emt 0:04:21]} 17. h3 {[%emt 0:08:38]} f6 {[%emt 0:01:43]} 18. Rxc8 {[%emt 0:04:04]} Rxc8 {[%emt 0:00:21]} 19. Rc1 {[%emt 0:01:52]} Rxc1+ {[%emt 0:00:29]} 20. Nxc1 {[%emt 0:00:07]} Nb8 {[%emt 0:01:47]} 21. Qc2 {[%emt 0:02:48]} g6 {[%emt 0:03:52]} 22. b4 {[%emt 0:08:03]} Nc6 {[%emt 0:01:35]} 23. Qb3 {[%emt 0:02:57]} Kf7 {[%emt 0:03:11]} 24. h4 {[%emt 0:02:17]} Qc7 {[%emt 0:03:36]} 25. Qc3 {[%emt 0:09:13]} Qc8 {[%emt 0:00:33]} 26. Ne2 {[%emt 0:00:31]} Ne7 {[%emt 0:01:11]} 27. Qa3 {[%emt 0:01:34]} h6 {[%emt 0:02:27]} 28. Bb1 {[%emt 0:03:24]} g5 {[%emt 0:04:36]} 29. hxg5 {[%emt 0:00:38]} hxg5 {[%emt 0:00:06]} 30. Qd3 {[%emt 0:04:36]} Ne4 {[%emt 0:01:38]} 31. Nd2 {[%emt 0:01:56]} Nf5 {[%emt 0:04:22]} 32. f3 {[%emt 0:03:55]} Nxd2 {[%emt 0:01:24]} 33. Qxd2 {[%emt 0:00:09]} Qc4 {[%emt 0:09:19]} 34. Ba2 {[%emt 0:04:28]} Qc6 {[%emt 0:00:32]} 35. b5 {[%emt 0:00:59]} Qd6 {[%emt 0:00:17]} 36. Bb1 {[%emt 0:00:52]} Qa3 {[%emt 0:04:38]} 37. Bxf5 {[%emt 0:03:21]} exf5 {[%emt 0:00:03]} 38. Nc3 {[%emt 0:02:34]} Qb3 {[%emt 0:01:53]} 39. Qd3 {[%emt 0:01:18]} Bc8 {[%emt 0:00:46]} 40. Kf2 {[%emt 0:00:00]} Be6 {[%emt 0:00:00]} 41. Qd2 {[%emt 0:05:43]} Qc4 {[%emt 0:02:34]} 42. Ke1 {[%emt 0:02:27]} Kg7 {[%emt 0:04:17]} 43. Kd1 {[%emt 0:01:29]} Qf1+ {[%emt 0:01:26]} 44. Kc2 {[%emt 0:00:05]} Kg6 {[%emt 0:00:35]} 45. Qe2 {[%emt 0:01:09]} Qg1 {[%emt 0:05:55]} 46. Kd2 {[%emt 0:02:15]} Kg7 {[%emt 0:04:24]} 47. Nd1 {[%emt 0:02:14]} Bf7 {[%emt 0:01:25]} 48. Qf2 {[%emt 0:00:54]} Qh2 {[%emt 0:00:25]} 49. Nc3 {[%emt 0:03:19]} Kh6 {[%emt 0:03:42]} 50. Ne2 {[%emt 0:01:21]} Qd6 {[%emt 0:00:18]} 51. Nc3 {[%emt 0:01:30]} Qb4 {[%emt 0:00:08]} 52. Kc2 {[%emt 0:00:22]} f4 {[%emt 0:02:04]} 53. Qd2 {[%emt 0:03:51]} Bg6+ {[%emt 0:00:18]} 54. e4 {[%emt 0:02:32]} dxe4 {[%emt 0:04:18]} 55. fxe4 {[%emt 0:00:06]} Qd6 {[%emt 0:00:40]} 56. Qd3 {[%emt 0:01:14]} g4 {[%emt 0:01:08]} 57. Kd2 {[%emt 0:00:59]} Kg5 {[%emt 0:01:55]} 58. Ke2 {[%emt 0:01:38]} g3 {[%emt 0:01:17]} 59. d5 {[%emt 0:02:33]} Qc5 {[%emt 0:01:34]} 60. d6 {[%emt 0:00:40]} f3+ {[%emt 0:03:32]} 61. Kd2 {[%emt 0:01:32]} Qf2+ {[%emt 0:00:08]} 62. Kc1 {[%emt 0:00:26]} fxg2 {[%emt 0:00:17]} 0-1

[Event "3rd Yerevan Open-A 2021"]
[Site "Yerevan"]
[Date "2021.10.22"]
[Round "9.1"]
[White "Narayanan.S.L"]
[Black "Puranik, Abhimanyu"]
[Result "1/2-1/2"]
[WhiteElo "2647"]
[BlackElo "2568"]
[Annotator "TA"]
[PlyCount "48"]
[EventDate "2021.10.14"]
[EventType "swiss"]
[EventCountry "ARM"]
[SourceTitle "playchess.com"]
[Source "ChessBase"]
[SourceQuality "1"]

{[%evp 16,48,47,13,9,6,18,0,13,0,0,0,-13,0,0,0,0,-12,-7,-8,0,0,0,0,0,0,0,0,0,0,0,0,0,0,6]} 1. e4 e5 2. Nf3 Nc6 3. Bb5 a6 4. Ba4 Nf6 5. O-O Bc5 6. c3 b5 7. Bb3 d6 8. d4 Bb6 9. Be3 O-O {The position is equal. C78: Ruy Lopez: Archangelsk and Möller Defences.} 10. Nbd2 Re8 11. a4 {Nowadays more popular than 11.Re1.} Rb8 12. h3 h6 13. Bc2 exd4 {[#]} 14. cxd4 $146 ({Predecessor:} 14. Nxd4 Bb7 15. axb5 axb5 16. Nxc6 Bxc6 17. Bxb6 Rxb6 18. Re1 Rb8 19. Ra6 Bb7 20. Ra7 {0-1 (32) Vantika,A (2286)-Schitco,I (2467) Chess.com INT 2020}) 14... Bb7 15. Re1 Nb4 16. d5 c6 17. dxc6 Nxc6 18. axb5 axb5 19. Bd3 Bxe3 20. Rxe3 Qb6 21. Qb3 Bc8 22. Qa3 b4 23. Qa4 Be6 24. Qa6 Qc5 {Not much happened in this game.  Weighted Error Value: White=0.05/Black=0.02} 1/2-1/2

[Event "3rd Yerevan Open-A 2021"]
[Site "Yerevan"]
[Date "2021.10.22"]
[Round "9.2"]
[White "Sivuk, Vitaly"]
[Black "Quparadze, Giga"]
[Result "1-0"]
[WhiteElo "2529"]
[BlackElo "2495"]
[Annotator "TA"]
[PlyCount "165"]
[EventDate "2021.10.14"]
[EventType "swiss"]
[EventCountry "ARM"]
[SourceTitle "playchess.com"]
[Source "ChessBase"]
[SourceQuality "1"]

{[%evp 15,165,27,24,25,47,47,78,76,82,76,87,85,92,93,95,95,94,114,134,131,144,118,118,110,116,116,116,106,137,118,124,119,191,184,179,153,157,95,87,99,87,87,83,87,131,131,131,131,131,131,131,131,131,131,123,131,156,159,164,164,164,144,147,145,167,153,190,177,187,178,187,186,212,188,190,184,217,180,203,199,182,175,193,176,335,275,278,278,266,272,220,170,170,170,165,128,239,172,213,206,231,174,294,272,357,358,345,352,352,352,297,174,164,171,180,157,152,161,195,187,190,166,245,240,368,365,356,356,346,337,322,216,232,205,145,193,214,214,443,442,1173,1233,1393,1236,979,1004,12843,12843,12844,12844,12845,12845]} 1. d4 Nf6 2. c4 e6 3. g3 Bb4+ 4. Nd2 d5 5. Ngf3 O-O 6. Bg2 c5 7. a3 Bxd2+ 8. Qxd2 cxd4 9. cxd5 {E01: Catalan: Early deviations.} Nxd5 10. O-O {[#]} b6 $146 ({Predecessor:} 10... Qe7 11. Nxd4 Rd8 12. Qc2 e5 13. Nb5 Nc6 14. Be3 Nxe3 15. fxe3 Be6 16. Rad1 h6 {½-½ (68) Suarez Garcia,C (2455)-Cori Tello,D (2413) Gijon 2017}) 11. Nxd4 {White is better.} Bb7 12. b4 Nc6 13. Bb2 Rc8 14. Rfd1 Nxd4 15. Qxd4 {[%csl Gb2][%cal Rd4g7]} Qg5 16. Rac1 h5 17. h4 Qg6 18. Qe5 Ba8 19. e4 Nf6 {[%cal Ra8e4]} 20. f3 Bc6 21. Rd2 Nd7 22. Qd6 Ba4 23. Rc7 Ra8 (23... Rxc7 $16 {might work better.} 24. Qxc7 e5) 24. Kh2 Nf6 {next ...Ne8 is good for Black.} 25. Qf4 Rfc8 26. Bf1 ({White should try} 26. Bh3 $1) 26... Ne8 $16 27. Rxc8 Rxc8 28. Ba6 Rc7 29. Be5 Re7 30. Rd8 $36 {[%mdl 2048] Keeping Black busy.} f6 31. Bd6 Rd7 32. Rxd7 Bxd7 33. Bb8 $1 Qf7 34. Bxa7 e5 35. Qd2 Nc7 36. Bf1 b5 37. Bb6 Ne6 38. Qd5 Qe8 39. Be3 Kh7 40. Kg1 Qc8 41. Kf2 (41. Bxb5 Qc3 $11) 41... Be8 42. Be2 (42. Bxb5 $2 Nc7 $19) 42... Bc6 43. Qd6 Nf8 44. Bf1 Bd7 45. Qc5 {And now Qxc8 would win.} Qa8 46. Qa7 (46. Bxb5 $6 Ne6 $16) 46... Qc8 47. Be2 Ne6 48. f4 Qc6 49. f5 (49. Bxh5 Qc2+ 50. Kf1 Qb1+ 51. Kf2 Qc2+ 52. Kf1 Qb1+ 53. Kf2 Qc2+ $11) 49... Nc7 (49... Nd8 50. Bc5 (50. Bxh5 Qc2+ 51. Kg1 Bc6 $14) 50... Be8) 50. Qb6 g6 51. Qxc6 Bxc6 $18 {[%mdl 4096] Endgame KBB-KBN} 52. Bb6 Ne8 53. fxg6+ Kxg6 54. Bc5 $1 Ng7 55. Ke3 Bd7 (55... f5 $16) 56. Kd2 Ne6 57. Kc3 Nc7 58. Bd3 Ne6 (58... Kf7 $142 59. Kc2 Bc6) 59. Bb6 Ng7 60. a4 bxa4 61. b5 f5 62. Bc7 Kf6 63. Kb4 (63. b6 $142 Bc6 64. Bd8+ Ke6 65. Ba6) 63... fxe4 64. Bxe4 {Black must now prevent b6.} a3 65. Bd8+ ({Stronger than} 65. Kxa3 Bxb5 66. Kb4 Be2 $11) 65... Ke6 {[#] ...a2 is the strong threat.} 66. Bb1 $1 ({Much worse is} 66. Kxa3 $6 Bxb5 67. Kb4 Be2 $11) 66... Nf5 {[#]} 67. b6 $1 Bc6 68. Kxa3 e4 (68... Nxg3 $142 69. Bg6 Kd7) 69. Kb4 Nxg3 (69... e3 $142 70. Bd3 Nxg3) 70. Kc5 Bb7 71. Ba2+ Kd7 72. Bg5 Nf5 73. Bf7 Ng7 {intending ...Ne6+.} 74. Kb5 e3 75. Bc4 ({Don't take} 75. Bxe3 Nf5) 75... Nf5 76. Kc5 Bf3 $2 (76... Bg2 77. Be2 Ng3) 77. Bb5+ {White is clearly winning.} Ke6 {[#]} (77... Kc8 $142 78. Bd3 Ng3) 78. Be2 $1 {[%mdl 512]} Bb7 (78... Bh1 79. Bxh5) 79. Bxh5 Ke5 80. Bg4 Ba6 81. Bxf5 e2 {[#]} 82. Bd2 $1 Kxf5 83. Kc6 {Weighted Error Value: White=0.10/Black=0.19} 1-0